000 02023nam0a22003491 4500
001 rc\4136017
005 20260408213815.0
035 _a(NLR Aleph) 007987040
090 _a8555526
_c8555526
100 _a20130415d1954 |||y0rusy50 ca
101 0 _arus
102 _aRU
105 _ay z |||||
200 1 _aГосударственная ордена Трудового Красного знамени публичная библиотека имени М.Е. Салтыкова-Щедрина в 1953 году
_f[сост.: Г.Л. Вульфиус]
210 _aЛенинград
_d1954
215 _a72 с.
_d30
300 _aСоставитель указан в примечании
309 _aНапечатано на ротаторе
_aТекст на одной стороне листа
311 _aВ другие годы издавалось под заглавием: Государственная публичная библиотека имени М.Е. Салтыкова-Щедрина ...
488 0 _12001#$aГосударственная публичная библиотека имени М.Е. Салтыкова-Щедрина
_tГосударственная публичная библиотека имени М.Е. Салтыкова-Щедрина
601 0 2 _aГосударственная публичная библиотека
_cЛенинград, город
_3RU\NLR\AUTH\6601722324
_92550316
620 _aRU
_dСанкт-Петербург
686 0 _aЧ734(2)711.12-15
_2rubbk
702 1 _4220
_7ca
_8rus
_aВульфиус
_bГ. Л.
_f1897-1973
_gГеоргий Львович
_9218908
_3RU\NLR\AUTH\770218964
710 0 2 _aПубличная библиотека им. М. Е. Салтыкова-Щедрина
_cЛенинград
_3RU\NLR\AUTH\88594
_9272032
801 0 _aRU
_bNLR
_c20130415
_gpsbo
801 1 _aRU
_bELAR
_c20130415
_2rusmarc
801 2 _aRU
_bNLR
_c20151028
_2rusmarc
852 _aNLR
_bБ
_jГПБ/Т1113
942 _cBOOK
980 _aNB